| 000 | 01316cam a2200421 i 4500 | ||
|---|---|---|---|
| 001 | 0000459 | ||
| 003 | DO-SdBPM | ||
| 005 | 20251113101900.0 | ||
| 007 | ta | ||
| 008 | 100514s 2010 mx | |||| 000 f spa | ||
| 015 | _a | ||
| 017 |
_a _b |
||
| 020 | _a9789870409212 | ||
| 035 | _a | ||
| 040 |
_aDO-SdBPM _bspa _cBPMSU _erda |
||
| 080 | _a | ||
| 082 | 4 |
_a813.3 _bP743e 2010 _222 |
|
| 100 | 1 |
_a Poe, Edgar Allan _d1809-1849. _eautor |
|
| 245 | 1 | 3 |
_aEl escarabajo de oro y otros cuentos / _cEdgar Allan Poe ; prólogo Pablo De Santis |
| 260 |
_a _b _c _g |
||
| 264 |
_aMéxico _bAlfaguara, _c2010 |
||
| 300 |
_a158 páginas ; _c19 cm |
||
| 336 |
_atexto _btxt _2rdacontent |
||
| 337 |
_asin mediación _bn _2rdamedia |
||
| 338 |
_avolumen _bnc _2rdacarrier |
||
| 490 | 0 | _aRoja | |
| 500 | _aIncluye referencias bibliográficas y notas al pie de las páginas. | ||
| 505 | 0 | _aEl escarabajo de oro -- La carta robada -- Los crímenes de la rue morgue. | |
| 590 | _aInventariado, 2025/VM | ||
| 650 | 7 | _aCuentos juveniles estadounidenses. | |
| 650 | 7 | _aCuentos policiacos | |
| 700 | 1 |
_aSantis, Pablo de _eprólogo |
|
| 740 | _aLa carta robada | ||
| 740 | 3 | 2 | _a Los crímenes de la rue morgue. |
| 830 | 0 | _a | |
| 910 | _aVMateo V. Control de calidad. BPMSU | ||
| 942 |
_2ddc _cBK |
||
| 999 |
_c10637 _d10637 |
||